<?xml version="1.0" encoding="UTF-8"?>
<record
    xmlns:xsi="http://www.w3.org/2001/XMLSchema-instance"
    xsi:schemaLocation="http://www.loc.gov/MARC21/slim http://www.loc.gov/standards/marcxml/schema/MARC21slim.xsd"
    xmlns="http://www.loc.gov/MARC21/slim">

  <leader>00274nam a22000737a 4500</leader>
  <controlfield tag="008">110909t        ag ||||| |||| 00| 0 sp&#xE0; d</controlfield>
  <datafield tag="245" ind1=" " ind2=" ">
    <subfield code="a">Compilado de Resiliencia</subfield>
  </datafield>
  <datafield tag="999" ind1=" " ind2=" ">
    <subfield code="c">943</subfield>
    <subfield code="d">943</subfield>
  </datafield>
  <datafield tag="952" ind1=" " ind2=" ">
    <subfield code="0">0</subfield>
    <subfield code="1">0</subfield>
    <subfield code="2">ddc</subfield>
    <subfield code="4">0</subfield>
    <subfield code="7">1</subfield>
    <subfield code="9">2561</subfield>
    <subfield code="a">BFM</subfield>
    <subfield code="b">BFM</subfield>
    <subfield code="c">STAFF</subfield>
    <subfield code="d">2011-09-09</subfield>
    <subfield code="l">3</subfield>
    <subfield code="p">TR160</subfield>
    <subfield code="r">2012-05-03</subfield>
    <subfield code="s">2012-04-23</subfield>
    <subfield code="t">Copia</subfield>
    <subfield code="w">2011-09-09</subfield>
    <subfield code="z">Dado de baja. Agosto 2022. Fotocopia</subfield>
    <subfield code="f"></subfield>
    <subfield code="x">Dado de baja, Agosto 2022.</subfield>
  </datafield>
  <datafield tag="952" ind1=" " ind2=" ">
    <subfield code="0">0</subfield>
    <subfield code="1">0</subfield>
    <subfield code="2">ddc</subfield>
    <subfield code="4">0</subfield>
    <subfield code="7">1</subfield>
    <subfield code="9">6185</subfield>
    <subfield code="a">BFM</subfield>
    <subfield code="b">BFM</subfield>
    <subfield code="c">STAFF</subfield>
    <subfield code="d">2022-08-25</subfield>
    <subfield code="l">0</subfield>
    <subfield code="r">2022-08-25</subfield>
    <subfield code="w">2022-08-25</subfield>
    <subfield code="z">Dado de baja. Agosto 2022. Fotocopia</subfield>
    <subfield code="f"></subfield>
    <subfield code="x">Dado de baja, Agosto 2022.</subfield>
  </datafield>
</record>
